An introduction to environmental systems

Αποθηκεύτηκε σε:
Λεπτομέρειες βιβλιογραφικής εγγραφής
Κύριος συγγραφέας: Dury, George H.
Μορφή: Βιβλίο
Γλώσσα:English
Δημοσίευση: London : Heinemann, 1981
Θέματα:
Ετικέτες: Προσθήκη ετικέτας
Δεν υπάρχουν, Καταχωρήστε ετικέτα πρώτοι!

MARC

LEADER 00000cam a2200000 i 4500
001 1/72518
008 960513s1981 eng d
020 |a 0-435-08001-6 
035 |l 10002996 
040 |a GR-MY-UA  |b gre  |e aacr 
041 0 |a eng 
082 0 |a 551 
100 1 |a Dury, George H. 
245 1 3 |a An introduction to environmental systems /  |c G. Dury 
260 |a London :   |b Heinemann,   |c 1981 
300 |a 366 p.;  |b ill.;  |c 29 cm 
500 |a Includes bibliographical references and index 
650 0 0 |a Earth sciences. 
650 0 0 |a Physical geography. 
852 |a INST  |b LESVOS  |e 19960513  |h 551 DUR  |p 005100010277  |q 005100010277  |t BK  |y 0 
909 |a Λ  |b 02420